আন্তর্জাতিক গনমাধ্যমে মুক্তিযুদ্ধ ও বঙ্গবন্ধু শেখ মুজিব /
Collection of articles and reports from various international newspapers and news magazines on the contribution of Sheikh Mujibur Rahman, 1922-1975, former president of Bangladesh in 1971 liberation war of the country
| Tác giả chính: | |
|---|---|
| Định dạng: | Sách |
| Ngôn ngữ: | Bengali English |
| Được phát hành: |
ঢাকা :
অনিন্দ্য প্রকাশ,
২০১৫.
|
| Phiên bản: | দ্বিতীয় মুদ্রণ. |
| Những chủ đề: | |
| Classic Catalogue: | View this record in Classic Catalogue |
| LEADER | 01855nam a2200337 4500 | ||
|---|---|---|---|
| 001 | 33078 | ||
| 003 | BD-DhAAL | ||
| 005 | 20260429133718.0 | ||
| 008 | 180514t2015 bg a|||| b||| 00| 0 ben d | ||
| 020 | |a 9847008201272 | ||
| 040 | |a BD-DhAAL |c BD-DhAAL | ||
| 041 | |a ben |a eng | ||
| 082 | |2 23 |a 954.9205 | ||
| 100 | |a আর্যু, অস্ট্রিক |9 25861 | ||
| 245 | |a আন্তর্জাতিক গনমাধ্যমে মুক্তিযুদ্ধ ও বঙ্গবন্ধু শেখ মুজিব / |c অস্ট্রিক আর্যু. | ||
| 246 | |a The liberation war of Bangladesh and Bangabandhu sheikh mujib in International mass media | ||
| 250 | |a দ্বিতীয় মুদ্রণ. | ||
| 260 | |a ঢাকা : |b অনিন্দ্য প্রকাশ, |c ২০১৫. | ||
| 300 | |a ১২৭ পৃষ্ঠা : |b চিত্র, মানচিত্র ; |c ২২ সে.মি. | ||
| 520 | |a Collection of articles and reports from various international newspapers and news magazines on the contribution of Sheikh Mujibur Rahman, 1922-1975, former president of Bangladesh in 1971 liberation war of the country | ||
| 526 | |a AAL | ||
| 541 | |a Development Book Agency |e 33078 | ||
| 546 | |a Bengali | ||
| 600 | |a Mujibur Rahman, |c Sheikh |d 1922-1975 |x Political and social views. |9 25862 | ||
| 600 | |a Mujibur Rahman, |c Sheikh |d 1920-1975. |9 25866 | ||
| 651 | |a Bangladesh |x History |y Revolution, 1971. |9 25863 | ||
| 651 | |a Bangladesh |x History |y Revolution, 1971 |x Mass media and the revolution. |9 25865 | ||
| 852 | |a Ayesha Abed Library |c Bangabandhu Corner | ||
| 942 | |2 ddc |c BK | ||
| 999 | |c 39333 |d 39333 | ||
| 952 | |0 0 |1 0 |2 ddc |4 0 |6 954_920500000000000_ARY |7 0 |9 63291 |a BRACUL |b BRACUL |c BNC |d 2018-05-13 |e Development Book Agency |g 216.00 |l 0 |o 954.9205 ARY |p 3010033078 |r 2018-05-13 |t 1 |v 240.00 |w 2018-05-13 |y BK | ||